[Event "Parcetic Memorial 9th"]
[Site "Sombor"]
[Date "1980.09.??"]
[Round "3"]
[White "Nogueiras, Jesus"]
[Black "Portisch, Ferenc"]
[Result "1/2-1/2"]
[WhiteElo "2455"]
[BlackElo "2470"]
[PlyCount "58"]
[EventDate "1980.09.12"]
[Source "www.chesslib.no"]
[SourceDate "2004.05.04"]

1. d4 Nf6 2. c4 g6 3. Nc3 Bg7 4. e4 d6 5. f4 O-O 6. Nf3 c5 7. d5 b5 8. e5 Nfd7 9. Nxb5 dxe5 10. Bd3 a6 11. Nc3 Qc7 12. f5 Nf6 13. fxg6 hxg6 14. Ng5 Nbd7 15. O-O e4 16. Ngxe4 Nxe4 17. Nxe4 Ne5 18. Bf4 Qb6 19. Bxe5 Bxe5 20. Rb1 Kg7 21. Qf3 Bd7 22. Ng5 Bf6 23. Qg3 Qd6 24. Ne4 Qxg3 25. Nxg3 Bd4+ 26. Kh1 a5 27. Rfe1 Rfe8 28. Ne2 Be5 29. Nc3 f6 1/2-1/2

[Event "2nd Open, Salou ESP"]
[Site "?"]
[Date "2000.??.??"]
[Round "4"]
[White "Moskalenko, V."]
[Black "Paragua, M."]
[Result "1-0"]
[WhiteElo "2505"]
[BlackElo "2420"]
[PlyCount "107"]
[EventDate "2000.??.??"]
[Source "www.chesslib.no"]
[SourceDate "2004.05.04"]

1. d4 Nf6 2. c4 g6 3. Nc3 Bg7 4. e4 d6 5. f4 O-O 6. Nf3 c5 7. d5 b5 8. cxb5 a6 9. bxa6 Bxa6 10. e5 Nfd7 11. e6 Bxf1 12. Rxf1 Nb6 13. exf7+ Rxf7 14. g4 Bf6 15. Ne4 Ra4 16. Nxf6+ exf6 17. Kf2 Qd7 18. Kg3 Re4 19. b3 Qb7 20. Qd3 Rfe7 21. Bd2 Qxd5 22. Qxd5+ Nxd5 23. Rad1 Re2 24. Ng1 R2e6 25. f5 Re5 26. fxg6 hxg6 27. Bf4 Nxf4 28. Rxf4 R5e6 29. b4 Nd7 30. a3 Re3+ 31. Rf3 Rxf3+ 32. Nxf3 Re6 33. h4 Kf7 34. Kf4 Ke7 35. h5 g5+ 36. Kg3 Re3 37. Re1 Rxe1 38. Nxe1 cxb4 39. axb4 f5 40. Nf3 Kf6 41. b5 Nb6 42. gxf5 Kxf5 43. Nd4+ Kf6 44. Kf3 Nd5 45. Nc2 Ke6 46. Ne3 Nb6 47. Ke4 Nd7 48. Ng4 Nb6 49. h6 Kf7 50. Kf5 Nc8 51. Kxg5 Nb6 52. Ne3 Kg8 53. Kg6 Nd7 54. Nd5 1-0

[Event "Leningrad RUS"]
[Site "Leningrad RUS"]
[Date "1990.??.??"]
[Round "?"]
[White "Ivanov, S."]
[Black "Monin, Nikolay"]
[Result "1-0"]
[WhiteElo "2460"]
[BlackElo "2465"]
[PlyCount "67"]
[EventDate "1990.??.??"]
[Source "www.chesslib.no"]
[SourceDate "2004.05.04"]

1. d4 Nf6 2. c4 g6 3. Nc3 Bg7 4. e4 d6 5. f4 O-O 6. Nf3 c5 7. d5 b5 8. cxb5 a6 9. a4 Bb7 10. bxa6 Nxa6 11. Bc4 e6 12. dxe6 Nxe4 13. exf7+ Kh8 14. Nxe4 Bxe4 15. O-O d5 16. Bd3 Bxd3 17. Qxd3 c4 18. Qe2 Rxf7 19. Ne5 Re7 20. Be3 d4 21. Rad1 d3 22. Qg4 Nb4 23. Bc5 Nc2 24. Bxe7 Qxe7 25. Kh1 Ne3 26. Qh3 Qa7 27. Nxg6+ Kg8 28. Qe6+ Qf7 29. Ne7+ Kf8 30. Qxe3 Qxe7 31. Qf3 Re8 32. b3 cxb3 33. Qxd3 b2 34. Qxh7 1-0

[Event "Bohemians"]
[Site "Prague"]
[Date "1988.??.??"]
[Round "?"]
[White "Danner, Georg"]
[Black "Kindermann, Stefan"]
[Result "1/2-1/2"]
[WhiteElo "2425"]
[BlackElo "2500"]
[PlyCount "62"]
[EventDate "1988.01.??"]
[Source "ChessBase"]

1. d4 Nf6 2. c4 g6 3. Nc3 Bg7 4. e4 d6 5. f4 O-O 6. Nf3 c5 7. d5 e6 8. dxe6 fxe6 9. Bd3 Nc6 10. O-O a6 11. Qe1 b5 12. cxb5 axb5 13. Bxb5 Nd4 14. Nxd4 cxd4 15. Nd1 Qb6 16. Bd3 Ba6 17. Rf3 Bxd3 18. Rxd3 Rfc8 19. Nf2 Nd7 20. b4 Qb5 21. Bd2 Nb6 22. Qd1 Na4 23. Rc1 Rxc1 24. Qxc1 Nc3 25. Bxc3 dxc3 26. e5 dxe5 27. Rxc3 Qxb4 28. Rc8+ Rxc8 29. Qxc8+ Kf7 30. Qd7+ Kf8 31. Qd8+ Kf7 1/2-1/2

[Event "Budapest"]
[Site "Budapest HUN"]
[Date "1987.??.??"]
[Round "3"]
[White "Danner, Georg"]
[Black "Kindermann, Stefan E S"]
[Result "0-1"]
[WhiteElo "2405"]
[BlackElo "2520"]
[PlyCount "59"]
[EventDate "1987.05.??"]
[Source "www.chesslib.no"]
[SourceDate "2004.05.04"]

1. d4 Nf6 2. c4 d6 3. Nc3 g6 4. e4 Bg7 5. f4 O-O 6. Nf3 c5 7. d5 e6 8. dxe6 fxe6 9. Bd3 Nc6 10. O-O a6 11. Qe1 b5 12. cxb5 axb5 13. Bxb5 Nd4 14. e5 Nh5 15. exd6 Rb8 16. d7 Bb7 17. Ng5 Qb6 18. Bc4 Rf6 19. Nce4 Rf5 20. Rf2 h6 21. Nh3 Kh7 22. g4 Qc6 23. Bd3 c4 24. Bb1 Nf6 25. gxf5 exf5 26. Ng3 Ng4 27. a4 Nf3+ 28. Rxf3 Qxf3 29. Qd2 Bd4+ 30. Nf2 0-1

[Event "Bayamo"]
[Site "Bayamo"]
[Date "1985.??.??"]
[Round "4"]
[White "Vaisser, Anatoli"]
[Black "Garcia Martinez, Silvino"]
[Result "1-0"]
[WhiteElo "2490"]
[BlackElo "2430"]
[PlyCount "73"]
[EventDate "1985.??.??"]
[Source "ChessBase"]

1. d4 Nf6 2. c4 g6 3. Nc3 Bg7 4. e4 d6 5. f4 O-O 6. Nf3 c5 7. d5 b5 8. cxb5 a6 9. a4 axb5 10. Bxb5 Ba6 11. Rb1 Bxb5 12. axb5 Nbd7 13. O-O Nb6 14. Qe2 Qc8 15. Kh1 e6 16. dxe6 Qxe6 17. e5 Nfd5 18. Ne4 Rfe8 19. Bd2 f5 20. Nc3 h6 21. Nxd5 Qxd5 22. Qf2 Nc4 23. Bc3 dxe5 24. Rbd1 Qb7 25. Nxe5 Qxb5 26. Nxc4 Qxc4 27. Bxg7 Kxg7 28. Rd7+ Kg8 29. Rfd1 Ra6 30. h3 Rae6 31. Rc7 Re2 32. Qg3 R2e6 33. Kh2 Qb4 34. b3 Qa3 35. Qc3 R8e7 36. Rd8+ Kf7 37. Qh8 1-0

[Event "Plovdiv"]
[Site "Plovdiv BUL"]
[Date "1988.??.??"]
[Round "?"]
[White "Semkov, Semko"]
[Black "Peev, Peicho C"]
[Result "1-0"]
[WhiteElo "2470"]
[BlackElo "2450"]
[PlyCount "83"]
[EventDate "1988.??.??"]
[Source "www.chesslib.no"]
[SourceDate "2004.05.04"]

1. d4 Nf6 2. c4 g6 3. Nc3 Bg7 4. e4 d6 5. f4 O-O 6. Nf3 c5 7. d5 b5 8. cxb5 a6 9. a4 e6 10. dxe6 Bxe6 11. Be2 axb5 12. Bxb5 Qb6 13. O-O Na6 14. f5 gxf5 15. Ng5 Nc7 16. exf5 Bc8 17. Bf4 Nxb5 18. Nxb5 h6 19. Nh3 Rd8 20. Ra3 Ba6 21. Rg3 Kh7 22. Qe1 Bxb5 23. Rxg7+ Kxg7 24. Qg3+ Kh7 25. Qh4 Ng8 26. Bxh6 Nxh6 27. Ng5+ Kg7 28. f6+ Kg6 29. Qe4+ Kxg5 30. Qe3+ Kh5 31. Qh3+ Kg5 32. Qe3+ Kh5 33. g4+ Kg6 34. Qe4+ Kg5 35. Rf5+ Kg6 36. Rf3+ Kg5 37. Rf5+ Kg6 38. Rf2+ Kg5 39. h4+ Kxh4 40. Rh2+ Kg3 41. Rg2+ Kh4 42. Qf4 1-0

[Event "Gausdal Jubilee"]
[Site "Gausdal"]
[Date "1982.??.??"]
[Round "6"]
[White "Tisdall, Jonathan D"]
[Black "Gruenfeld, Yehuda"]
[Result "1-0"]
[WhiteElo "2410"]
[BlackElo "2505"]
[PlyCount "47"]
[EventDate "1982.04.??"]
[Source "ChessBase"]

1. d4 Nf6 2. c4 c5 3. d5 g6 4. Nc3 Bg7 5. e4 d6 6. f4 O-O 7. Nf3 a6 8. a4 e6 9. Be2 exd5 10. exd5 Bf5 11. O-O Ne4 12. Nxe4 Bxe4 13. Ng5 Bf5 14. g4 Bc8 15. f5 Qe7 16. Bd3 Nd7 17. Qf3 h6 18. Ne4 Ne5 19. Qg3 Nxd3 20. Qxd3 Re8 21. fxg6 f5 22. Ng3 fxg4 23. Bd2 Rf8 24. Rxf8+ 1-0

[Event "Chigorin mem"]
[Site "St Petersburg"]
[Date "1999.11.09"]
[Round "8"]
[White "Vakin, Sergei"]
[Black "Zakharevich, Igor"]
[Result "1-0"]
[WhiteElo "2389"]
[BlackElo "2523"]
[PlyCount "101"]
[EventDate "1999.11.02"]
[Source "ChessBase"]
[SourceDate "2000.02.01"]

1. d4 Nf6 2. c4 g6 3. Nc3 Bg7 4. e4 d6 5. f4 O-O 6. Nf3 c5 7. d5 b5 8. cxb5 a6 9. bxa6 Qb6 10. Qb3 Qb4 11. e5 dxe5 12. fxe5 Ng4 13. Qxb4 cxb4 14. Nb5 Nxa6 15. Bf4 g5 16. Bxg5 Nxe5 17. O-O-O Bf5 18. Nfd4 Rfc8+ 19. Kd2 Bg6 20. Bxe7 Nc5 21. Nd6 Ne4+ 22. Nxe4 Bxe4 23. Bxb4 Ng4 24. Nc6 Rxa2 25. Bc3 Bh6+ 26. Ke1 Re8 27. Be2 Ne3 28. Kf2 Nxd5 29. Bd4 Ne3 30. Rc1 Nc2 31. Rxc2 Bxc2 32. Nb4 Ra4 33. Nxc2 Rxd4 34. Nxd4 Be3+ 35. Ke1 Bxd4 36. b3 Bc3+ 37. Kd1 Rd8+ 38. Kc2 Rd2+ 39. Kxc3 Rxe2 40. g3 Kf8 41. b4 Ke7 42. Kc4 f5 43. Kc5 Kd7 44. Kb6 Kc8 45. b5 Kb8 46. Rd1 Re6+ 47. Kc5 Kc7 48. Rd5 Re2 49. b6+ Kc8 50. h4 Rf2 51. Kc6 1-0

[Event "Lost Boys op"]
[Site "Amsterdam"]
[Date "2000.08.18"]
[Round "8"]
[White "Peng, Zhaoqin"]
[Black "Shchekachev, Andrei"]
[Result "0-1"]
[WhiteElo "2403"]
[BlackElo "2503"]
[PlyCount "66"]
[EventDate "2000.08.05"]
[Source "ChessBase"]
[SourceDate "2000.09.14"]

1. d4 Nf6 2. c4 g6 3. Nc3 Bg7 4. e4 d6 5. f4 c5 6. d5 O-O 7. Nf3 a6 8. Bd3 b5 9. cxb5 axb5 10. Nxb5 Ba6 11. Nc3 Qb6 12. e5 Ne8 13. Bxa6 Qxa6 14. Kf2 Nd7 15. Re1 Nc7 16. Kg1 Qb7 17. exd6 exd6 18. f5 Nf6 19. fxg6 hxg6 20. Rb1 Ncxd5 21. Bg5 Qc6 22. Nxd5 Nxd5 23. a3 Rfb8 24. Qc2 Rb6 25. Red1 Nf6 26. Bxf6 Bxf6 27. Qd2 Kg7 28. Rf1 Ra4 29. Ng5 d5 30. Nxf7 Kxf7 31. Qh6 Re4 32. Rxf6+ Qxf6 33. Rf1 Qxf1+ 0-1

[Event "Stary Smokovec"]
[Site "Stary Smokovec"]
[Date "1977.??.??"]
[Round "8"]
[White "Knezevic, Milorad"]
[Black "Sznapik, Aleksander"]
[Result "1-0"]
[WhiteElo "2500"]
[BlackElo "2405"]
[PlyCount "59"]
[EventDate "1977.11.??"]
[Source "ChessBase"]

1. d4 Nf6 2. c4 g6 3. Nc3 Bg7 4. e4 d6 5. f4 O-O 6. Nf3 c5 7. d5 a6 8. a4 e6 9. dxe6 Bxe6 10. Bd3 Nc6 11. f5 Bd7 12. Bg5 Nb4 13. Bb1 Bc6 14. O-O Qc7 15. Qe1 h6 16. Bxf6 Bxf6 17. Qg3 Be8 18. e5 dxe5 19. Ne4 Qe7 20. Nxf6+ Qxf6 21. Nxe5 Qg5 22. Qf2 Bc6 23. Ra3 Rae8 24. Rg3 Rxe5 25. Rxg5 hxg5 26. fxg6 f5 27. Re1 Rxe1+ 28. Qxe1 Re8 29. Qd1 Be4 30. Qd7 1-0

[Event "St Petersburg op2"]
[Site "St Petersburg"]
[Date "1994.??.??"]
[Round "7"]
[White "Yuneev, Alexey"]
[Black "Fedorov, Alexei"]
[Result "1/2-1/2"]
[WhiteElo "2400"]
[BlackElo "2500"]
[PlyCount "52"]
[EventDate "1994.10.??"]
[Source "ChessBase"]

1. d4 Nf6 2. c4 g6 3. Nc3 Bg7 4. e4 d6 5. f4 O-O 6. Nf3 c5 7. d5 e6 8. dxe6 fxe6 9. Bd3 Nc6 10. O-O Nd4 11. Kh1 Bd7 12. Bd2 Bc6 13. Ng5 h6 14. Nf3 Nh5 15. Nxd4 cxd4 16. Nb5 Qh4 17. Be1 Qf6 18. Bd2 e5 19. Nc7 Rac8 20. Nd5 Bxd5 21. exd5 Nxf4 22. Bxf4 exf4 23. Qg4 g5 24. Rae1 Rce8 25. Re6 Rxe6 26. dxe6 Qe7 1/2-1/2

[Event "Tan Lian Ann Cup"]
[Site "Tianjin"]
[Date "2001.07.23"]
[Round "9"]
[White "Petronic, Jovan"]
[Black "Wang Rui"]
[Result "1/2-1/2"]
[WhiteElo "2389"]
[BlackElo "2509"]
[PlyCount "23"]
[EventDate "2001.07.15"]
[Source "ChessBase"]
[SourceDate "2001.09.11"]

1. d4 Nf6 2. c4 g6 3. Nc3 Bg7 4. e4 d6 5. f4 O-O 6. Nf3 c5 7. d5 e6 8. dxe6 fxe6 9. Bd3 Nc6 10. O-O Nd4 11. Kh1 a6 12. e5 1/2-1/2

[Event "Castellar op"]
[Site "Castellar"]
[Date "1999.??.??"]
[Round "8"]
[White "Moskalenko, Viktor"]
[Black "Vidarte Morales, Arturo"]
[Result "1-0"]
[WhiteElo "2471"]
[BlackElo "2424"]
[PlyCount "85"]
[EventDate "1999.11.??"]
[Source "ChessBase"]
[SourceDate "2000.01.11"]

1. d4 Nf6 2. c4 g6 3. Nc3 Bg7 4. e4 d6 5. f4 O-O 6. Nf3 c5 7. d5 e6 8. dxe6 fxe6 9. Bd3 Nh5 10. g3 Nc6 11. O-O b6 12. Be3 Bb7 13. Ng5 Bxc3 14. bxc3 Ng7 15. Qg4 h6 16. Nf3 Qe8 17. Qh4 h5 18. Qg5 Ne7 19. Qh6 Qc6 20. Ng5 Rf7 21. Qh7+ Kf8 22. Rf3 d5 23. e5 dxc4 24. Qh8+ Ng8 25. Bxg6 Qxf3 26. Nxf3 Bxf3 27. Bxf7 Kxf7 28. Qh7 Ne7 29. Kf2 Bg4 30. Qe4 Rd8 31. Qxc4 Ngf5 32. Re1 h4 33. gxh4 Rh8 34. h3 Bxh3 35. Rh1 Bg4 36. h5 Nd5 37. Qe4 Nde7 38. Bc1 Ng7 39. Qb7 Ngf5 40. Qxa7 Ng7 41. a4 Rd8 42. f5 exf5 43. e6+ 1-0

[Event "New York Manhattan"]
[Site "New York"]
[Date "1990.??.??"]
[Round "1"]
[White "Bykhovsky, Avigdor"]
[Black "Ginsburg, Mark"]
[Result "1-0"]
[WhiteElo "2495"]
[BlackElo "2400"]
[PlyCount "117"]
[EventDate "1990.04.??"]
[Source "ChessBase"]

1. d4 Nf6 2. c4 g6 3. Nc3 Bg7 4. e4 d6 5. f4 O-O 6. Nf3 c5 7. d5 e6 8. dxe6 fxe6 9. Bd3 Nc6 10. O-O a6 11. Kh1 Nd4 12. e5 Nh5 13. Nxd4 cxd4 14. Ne4 dxe5 15. fxe5 Bxe5 16. Bg5 Rxf1+ 17. Qxf1 Qc7 18. Qf2 Bd7 19. Rf1 Bc6 20. Bh6 Qe7 21. Bg5 Qc7 22. g4 Ng7 23. Kg1 Bxe4 24. Bxe4 Bd6 25. Kg2 Bc5 26. Bf6 Rf8 27. Qh4 Ne8 28. g5 Nxf6 29. gxf6 Qe5 30. b3 Rf7 31. Rf3 b6 32. Bd3 Bd6 33. Rf2 Qe3 34. Bf1 Qe5 35. Bd3 a5 36. Qg3 Qxg3+ 37. hxg3 g5 38. c5 bxc5 39. Bc4 Ra7 40. Bxe6+ Kf8 41. Rf5 h6 42. a4 Ke8 43. Kf3 Bf8 44. Re5 Bd6 45. Rd5 Ra6 46. Kg4 Bf8 47. Re5 Rd6 48. Kf5 d3 49. Bc4+ Kd8 50. Bb5 d2 51. Re8+ Kc7 52. Be2 Rd8 53. f7 Kd7 54. Re3 Kc7 55. Bd1 c4 56. bxc4 Bc5 57. Re8 Kd7 58. Rxd8+ Kxd8 59. Kg6 1-0

[Event "Memorial M.Chigorin,"]
[Site "Memorial M.Chigorin,"]
[Date "1994.??.??"]
[Round "?"]
[White "Yuneev, Alexey"]
[Black "Fedorov, Alexei"]
[Result "1/2-1/2"]
[WhiteElo "2390"]
[BlackElo "2505"]
[PlyCount "52"]
[EventDate "1994.??.??"]
[Source "www.chesslib.no"]
[SourceDate "2004.05.04"]

1. d4 Nf6 2. c4 g6 3. Nc3 Bg7 4. e4 d6 5. f4 O-O 6. Nf3 c5 7. d5 e6 8. dxe6 fxe6 9. Bd3 Nc6 10. O-O Nd4 11. Kh1 Bd7 12. Bd2 Bc6 13. Ng5 h6 14. Nf3 Nh5 15. Nxd4 cxd4 16. Nb5 Qh4 17. Nc3 Qf2 18. b3 Be8 19. Qe2 Rc8 20. c5 Rc7 21. Qxf2 Nxf4 22. Bb1 dxc5 23. Nd5 Rff7 24. Bd3 Bd7 25. Nb4 Bb5 26. Be3 Be8 1/2-1/2

[Event "URS Team Ch"]
[Site "Podolsk RUS"]
[Date "1990.??.??"]
[Round "?"]
[White "Ivanov, Sergey"]
[Black "Vitolins, Alvis"]
[Result "1-0"]
[WhiteElo "2460"]
[BlackElo "2430"]
[PlyCount "93"]
[EventDate "1990.??.??"]
[Source "www.chesslib.no"]
[SourceDate "2004.05.04"]

1. d4 Nf6 2. c4 g6 3. Nc3 Bg7 4. e4 d6 5. f4 O-O 6. Nf3 c5 7. d5 b5 8. cxb5 a6 9. a4 axb5 10. Bxb5 Ba6 11. Bxa6 Nxa6 12. O-O Qb6 13. Qe2 Nc7 14. Nd2 e6 15. Nc4 Qa6 16. dxe6 fxe6 17. e5 dxe5 18. Nxe5 Qxe2 19. Nxe2 Rfb8 20. Ra3 Nfd5 21. b3 Rb4 22. Nc4 Rab8 23. Rf3 Nb6 24. Bd2 Nxc4 25. bxc4 Rxc4 26. Bc3 Nd5 27. g3 Rb1+ 28. Kg2 Re4 29. Ra2 Rxe2+ 30. Rxe2 Nxc3 31. Rxe6 Rb2+ 32. Kh3 Bd4 33. f5 Ne2 34. Kg4 Ng1 35. Rf1 Kf7 36. Re4 h5+ 37. Kg5 Bf6+ 38. Kh6 gxf5 39. Rxf5 Rb8 40. Kxh5 Rh8+ 41. Kg4 Rg8+ 42. Kf4 Rc8 43. Re1 Nh3+ 44. Kg4 Ng5 45. Rxg5 Bxg5 46. Kxg5 c4 47. Kf5 1-0

[Event "St Affrique op 8th "]
[Site "St Affrique"]
[Date "2000.07.??"]
[Round "6"]
[White "Flear, Glenn C"]
[Black "Vajda, Albert"]
[Result "1-0"]
[WhiteElo "2480"]
[BlackElo "2410"]
[PlyCount "57"]
[EventDate "2000.07.??"]
[Source "www.chesslib.no"]
[SourceDate "2004.05.04"]

1. d4 Nf6 2. c4 g6 3. Nc3 Bg7 4. e4 d6 5. f4 O-O 6. Nf3 c5 7. d5 a6 8. a4 e5 9. fxe5 Ng4 10. Bg5 Qb6 11. a5 Qc7 12. exd6 Qxd6 13. Qd2 Nd7 14. Be2 Nde5 15. Bf4 Nxf3+ 16. gxf3 Ne5 17. Bg3 b5 18. axb6 Qxb6 19. f4 Bh6 20. Na4 Qd8 21. Nxc5 Bh3 22. Qa5 Qb8 23. Qc3 Qc8 24. fxe5 Qxc5 25. Bf2 Qc8 26. e6 Bg2 27. Rg1 Bxe4 28. Qe5 Bc2 29. e7 1-0

[Event "Korinthos op 6th"]
[Site "Korinthos"]
[Date "2002.07.25"]
[Round "3"]
[White "Banikas, Hristos"]
[Black "Markidis, Konstantinos"]
[Result "1-0"]
[WhiteElo "2521"]
[BlackElo "2362"]
[PlyCount "83"]
[EventDate "2002.07.23"]
[Source "ChessBase"]
[SourceDate "2002.09.11"]

1. d4 Nf6 2. c4 g6 3. Nc3 Bg7 4. e4 d6 5. f4 O-O 6. Nf3 c5 7. d5 b5 8. cxb5 a6 9. a4 e6 10. dxe6 Bxe6 11. Be2 axb5 12. Bxb5 Na6 13. O-O Nc7 14. Bd3 Bg4 15. h3 Bxf3 16. Qxf3 Ne6 17. Ra3 Nd7 18. Kh1 Nd4 19. Qf2 f5 20. exf5 gxf5 21. Ne2 Rb8 22. a5 d5 23. Nxd4 Bxd4 24. Qf3 Nf6 25. Bxf5 Re8 26. b3 Rb7 27. Bd2 Ne4 28. Be1 Qe7 29. Ra2 Kh8 30. a6 Ra7 31. Qh5 Nf6 32. Qd1 Qd6 33. b4 Rxa6 34. bxc5 Bxc5 35. Rxa6 Qxa6 36. Bh4 d4 37. Bxf6+ Qxf6 38. Qh5 Re7 39. Bxh7 Rxh7 40. Qxc5 Re7 41. Qd5 Kg7 42. Rd1 1-0

[Event "Bielsko Biala Open"]
[Site "Bielsko Biala"]
[Date "1990.??.??"]
[Round "11"]
[White "Yuneev, Alexey"]
[Black "Malisauskas, Vidmantas"]
[Result "1/2-1/2"]
[WhiteElo "2380"]
[BlackElo "2500"]
[PlyCount "47"]
[EventDate "1990.??.??"]
[Source "www.chesslib.no"]
[SourceDate "2004.05.04"]

1. d4 Nf6 2. c4 g6 3. Nc3 Bg7 4. e4 d6 5. f4 O-O 6. Nf3 c5 7. d5 e6 8. dxe6 Bxe6 9. Bd3 Bg4 10. O-O Nc6 11. h3 Bxf3 12. Qxf3 Ne8 13. Kh1 Nc7 14. f5 Bxc3 15. bxc3 Ne5 16. Qg3 f6 17. Bh6 Rf7 18. Be2 Qe7 19. Rad1 Kh8 20. Bf4 g5 21. Bxe5 dxe5 22. Qd3 Raf8 23. Qd6 Na8 24. a4 1/2-1/2

[Event "Buenos Aires Konex"]
[Site "Buenos Aires ARG"]
[Date "1991.??.??"]
[Round "5"]
[White "Oblitas Guerrero, Carlomagno"]
[Black "Zapata, Alonso"]
[Result "1/2-1/2"]
[WhiteElo "2350"]
[BlackElo "2530"]
[PlyCount "60"]
[EventDate "1991.03.??"]
[Source "www.chesslib.no"]
[SourceDate "2004.05.04"]

1. d4 g6 2. c4 Bg7 3. Nc3 c5 4. d5 d6 5. e4 Nf6 6. f4 O-O 7. Nf3 a6 8. a4 Bg4 9. Be2 e6 10. h3 Bxf3 11. Bxf3 exd5 12. cxd5 Nbd7 13. O-O c4 14. Be3 Qa5 15. Kh1 Rfe8 16. Bd4 Nc5 17. e5 Nfd7 18. e6 fxe6 19. Bxg7 Kxg7 20. dxe6 Nf6 21. f5 gxf5 22. Qxd6 Rxe6 23. Qf4 Rae8 24. Qxf5 Nb3 25. Bd5 Nxd5 26. Nxd5 Nxa1 27. Qf7+ Kh8 28. Nc7 Qe5 29. Nxe8 Rxe8 30. Rxa1 b5 1/2-1/2